00983nam a22002897a 4500999001500000001000600015003000900021005001700030008004100047020001800088040004300106082001800149100002300167245006400190250001200254260003200266300002400298490002800322504006600350650002800416650002900444650004100473650003200514700001900546942001200565952011600577 c8113d811321616BD-DhUAP20220621130045.0090706s19932002enk b 001 0 eng d a9781137519061 aDLCcBD-DhUAPdBD-DhUAPbengeBD-DhUAP00a801.4 PEC2201 aPeck, John,d1947-10aLiterary terms and criticism /cJohn Peck and Martin Coyle. a3rd ed. aLondon :bPalgrave,cc2002. ax, 241 p. ;c21 cm. 0aHow to study literature aIncludes bibliographical references (p. 201-212) and indexes. 0aCriticismxTerminology. 0aLiteraturexTerminology. 0aEnglish languagexTerms and phrases. 0aLiterary formxTerminology.1 aCoyle, Martin. 2ddccBK 00102ddc4070aUAPCLbUAPCLcGeneral Stacksd2022-06-21o801.4 PECp3010021616r2022-06-21t1w2022-06-21yBK